Bandas grunge - Statistics

Estatísticas Gerais
  • Esse quiz foi jogado 84 vezes
  • A pontuação média é 6 de 13
Estatísticas das Respostas
Música Banda % Correto
Smells like teen spirit Nirvana
100%
Even flow Pearl Jam
91%
Man in the box Alice in Chains
88%
Black hole sun Soundgarden
81%
Plush Stone Temple Pilots
50%
Hunger Strike Temple of the Dog
46%
Celebrity Skin Hole
37%
Tomorrow Silverchair
32%
Touch me I'm sick Mudhoney
24%
Shadow of the Season Screaming Trees
15%
Wake up Mad Season
12%
Crown of Thorns Mother Love Bone
10%
This Town Green River
6%
Nenhum quiz correspondente encontrado
Distribuição das Pontuações
Porcentagem de Pessoas com Cada Pontuação
Percentil de Números Respondidos
Sua Pontuação Histórica
Você não jogou esse quiz